| 000 -LEADER |
| fixed length control field |
00374nam a22001337a 4500 |
| 008 - FIXED-LENGTH DATA ELEMENTS--GENERAL INFORMATION |
| fixed length control field |
210915b ||||| |||| 00| 0 eng d |
| 082 ## - DEWEY DECIMAL CLASSIFICATION NUMBER |
| Edition number |
23 |
| Classification number |
330.16 |
| Item number |
KUM |
| 100 ## - MAIN ENTRY--PERSONAL NAME |
| Personal name |
Kumarappa, J. C. |
| 245 ## - TITLE STATEMENT |
| Title |
Economy of Permanence |
| Statement of responsibility, etc. |
Kumarappa, J. C. |
| 260 ## - PUBLICATION, DISTRIBUTION, ETC. (IMPRINT) |
| Place of publication, distribution, etc. |
Varanasi |
| Name of publisher, distributor, etc. |
Sarva Seva Sangh Prakashan |
| Date of publication, distribution, etc. |
2010 |
| 300 ## - PHYSICAL DESCRIPTION |
| Extent |
viii, 200p.; |
| Dimensions |
23cm. |
| 650 ## - SUBJECT ADDED ENTRY--TOPICAL TERM |
| Source of heading or term |
Sociology |
| 942 ## - ADDED ENTRY ELEMENTS (KOHA) |
| Source of classification or shelving scheme |
|
| Koha item type |
Books |